ბათუმის შოთა რუსთაველის სახელმწიფო უნივერსიტეტის ბიბლიოთეკა

ანთიმოზ ივერიელი-ქართულ-ევროპული დიალოგი : (ბიბ.ჩანაწერი № 54074)

000 -ლიდერი
ფიქსირებული სიგრძის საკონტროლო ველი 01814nam a2200313Ia 4500
001 - საკონტროლო ნომერი
საკონტროლო ველი 21128
003 - საკონტროლო ნომრის იდენტიფიკატორი
საკონტროლო ველი GE_BSU
005 - ბოლო ოპერაციის თარიღი და დრო
საკონტროლო ველი 20250307161006.0
008 - ფიქსირებული სიგრძის მონაცემთა ელემენტები - ზოგადი ინფორმაცია
ფიქსირებული სიგრძის საკონტროლო ველი 181216s2016||||ge |||||||||||||| ||geo||
040 ## - კატალოგიზაციის წყარო
Transcribing agency GE_BSU
041 ## - ენის კოდი
Language code of text/sound track or separate title geo
080 ## - უნივერსალური ათობითი კლასიფიკაციის ინდექსი
Universal Decimal Classification number 1+27-557 ა-66
245 ## - ცნობა სათაურის შესახებ
Title ანთიმოზ ივერიელი-ქართულ-ევროპული დიალოგი :
Remainder of title მონოგრაფია /
Statement of responsibility, etc ი. ბრაჭული, ა. ზაქარიაძე, ვ. რამიშვილი [და სხვ.] ; რედაქტორი ლევან მათეშვილი.
264 ## - წარმოების, გამოცემის, დისტრიბუციის და სხვა ცნობები
გამოცემის, წარმოების, დისტრიბუციის... ადგილი თბილისი :
გამოცემის, წარმოების, დისტრიბუციის... სახელწოდება შპს დობერა,
გამოცემის, წარმოების, დისტრიბუციის... თარიღი 2016.
300 ## - ფიზიკური აღწერა
Extent 232გვ.
Other physical details ილ. ;
Dimensions 21სმ.
500 ## - ზოგადი შენიშვნა
General note თავფურ. და რეზიუმე ინგლ. ენაზე
504 ## - BIBLIOGRAPHY, ETC. NOTE
Bibliography, etc ბიბლიოგრ. ტექსტის შენიშვნებში
653 ## - INDEX TERM--UNCONTROLLED
Uncontrolled term ანთიმოზ ივერიელი-ქართულ-ევროპული დიალოგი
653 ## - INDEX TERM--UNCONTROLLED
Uncontrolled term ფილოსოფია
700 ## - ADDED ENTRY--PERSONAL NAME
Dates associated with a name ბრაჭული, ი.
Relator term ავტორი
9 (RLIN) 24483
700 ## - ADDED ENTRY--PERSONAL NAME
Personal name ზაქარიაძე, ა.
Relator term ავტორი
9 (RLIN) 19061
700 ## - ADDED ENTRY--PERSONAL NAME
Personal name რამიშვილი, ვ.
Relator term ავტორი
9 (RLIN) 24484
700 ## - ADDED ENTRY--PERSONAL NAME
Personal name ქშუტაშვილი, ა.
Relator term ავტორი
9 (RLIN) 19063
700 ## - ADDED ENTRY--PERSONAL NAME
Personal name ჯალაღონია, დ.
Relator term ავტორი
9 (RLIN) 19064
700 ## - ADDED ENTRY--PERSONAL NAME
Personal name მათეშვილი, ლევან
Relator term რედაქტორი
9 (RLIN) 4411
700 ## - ADDED ENTRY--PERSONAL NAME
Personal name ბალანჩიავაძე, რევაზ
Relator term რეცენზენტი
9 (RLIN) 24485
700 ## - ADDED ENTRY--PERSONAL NAME
Personal name ბუაძე, თეიმურაზ
Relator term რეცენზენტი
9 (RLIN) 12553
942 ## - ADDED ENTRY ELEMENTS (KOHA)
Koha item type წიგნი
Source of classification or shelving scheme
ეგზემპლარები
ჩამოწერის სტატუსი დაკარგული ეგზემპლარის სტატუსი კლასიფიკაციის წყარო ან თაროზე გაწყობის სქემა დაზიანების სტატუსი არ გაიცემა მუდმივი მდებარეობა (დაცვის ადგილი) ამჟამინდელი ადგილსამყოფელი თაროზე განთავსების ადგილი შეძენის თარიღი სრული შენახვის შიფრი შტრიხკოდი ბოლო ოპერაციის თარიღი ეგზემპლარის მიმდევრობითი ნომერი (კეტერი?) ფასის ძალაში შესვლის თარიღი ეგზემპლარის სახეობა
          ბათუმის შოთა რუსთაველის სახელმწიფო უნივერსიტეტის მთავარი ბიბლიოთეკა ბათუმის შოთა რუსთაველის სახელმწიფო უნივერსიტეტის მთავარი ბიბლიოთეკა წიგნსაცავი 2018-12-17 1+27-557 ა-66 27782 2018-12-17 27782 2018-12-17 წიგნი